000 00323nam a22001337a 4500
008 171124b xxu||||| |||| 00| 0 eng d
020 _a0070465533
041 _aeng
080 _22 ED
_a311
100 _a55
101 _aSTA
245 _aSPPSS OPTIONAL PROCEDURES AND RELATED PRODUCTS
_cHILL.M
942 _2udc
_cBK
999 _c38445
_d38445